000 00715nam a2200217Ia 4500
003 GCL
008 140319s9999 xx 000 0 ara d
040 _aGCL /
_cGCL
082 0 4 _a347.02
_bا ق
100 1 _aالسيد خلف محمد
245 1 0 _aقضاء الحاكم الجزئية والابتدائية /
_cالسيد خلف محمد
260 _a[S.N] :
_bلجنة الاعلام والدراسات المستقبلية ،
_c1988
300 _a579 ص
490 _a
650 0 4 _aالقانون
650 0 4 _aالاحوال الشخصية
650 0 4 _aالقانون المدنى
650 0 4 _aالسلطة القضائية
650 0 4 _aالمحاكم الابتدائية
942 _2ddc
_cBK
999 _c55627
_d55627